000 00240nam a2200097Ia 4500
008 190216s9999||||xx |||||||||||||| ||und||
100 _aDesai
245 0 _aIndian Desheedayude Samoohya Pachathalam
260 _bKerala Basha Inst
942 _cBK
999 _c19327
_d19327